Hearts Blood: Hunting, Spirituality and Wildness in American
Saved in:
| Format: | Book |
|---|---|
| Tags: |
Add Tag
No Tags, Be the first to tag this record!
|
| Institutions: | Mạng thư viện Đại học Đà Nẵng |
|---|
| LEADER | 00447nam a22001691a 4500 | ||
|---|---|---|---|
| 001 | 000040437 | ||
| 003 | 16732 | ||
| 005 | 20160412023217.0 | ||
| 008 | 160412s0 000 | ||
| 082 | |a A2363-65 | ||
| 245 | |a Hearts Blood: Hunting, Spirituality and Wildness in American |c David Petersen | ||
| OWN | |a LNN | ||
| 999 | |a From the UDN01 | ||
| TYP | |a Monograph | ||
| 980 | |a Mạng thư viện Đại học Đà Nẵng | ||